Estadísticas para Argentina - Opción Múltiple

Haz click aquí para intentar la prueba.

Estadísticas generales

  • Esta prueba ha sido intentada 128 veces
  • La puntuación promedio es 13 de 15

Estadísticas de respuestas

PreguntaRespuesta% Correcto
¿Qué objeto aparece en la bandera de Argentina?Sol
100%
¿Cuál de estos bailes se inventó en Argentina?Tango
100%
¿Cuál es la moneda de Argentina?Peso
99%
¿Qué país NO limita con Argentina?Ecuador
98%
¿Quién capitaneó la selección argentina que ganó la Copa Mundial de la FIFA 1986?Diego Maradona
96%
¿Qué provincia de Argentina es conocida por su producción de vino?Mendoza
96%
¿Qué capital extranjero se encuentra a sólo 200 kilómetros de Buenos Aires?Montevideo
96%
¿De qué país recibió Argentina el mayor número de inmigrantes antes de 1920?Italia
95%
¿Cuál de las siguientes personas NO nació en Argentina?Simón Bolívar
93%
¿Quién dirigió a Argentina como presidente entre 1946 y 1955?Juan Perón
89%
¿Qué categoría representa la mayoría de las exportaciones argentinas?Productos agrícolas
88%
¿Qué región es conocida por sus praderas planas?Las Pampas
85%
Verdadero o falso. Argentina tiene una densidad de población más baja que el país promedio.Verdadero
68%
¿Qué supuestamente vio Fernando de Magallanes al detenerse en la Patagonia en su viaje alrededor del mundo?Un gigante
66%
¿Qué criminal de guerra fue encontrado escondido en Buenos Aires en 1960?Adolf Eichmann
63%

Distribución de puntuación

Porcentaje por número respondido

Porcentaje de gente con cada puntuación

Historial de tus puntuaciones

No has intentado esta prueba.